Melhorando o portugus̊ no exame da OAB Com dicas do Acordo Ortogrf̀ico /

Detalles Bibliográficos
Autor principal: Fagundes Freitas, Christiano Abelardo
Formato: eBook
Lenguaje:portugués
Publicado: San Pablo: LTR, 2017
Materias:
Acceso en línea:Acceso restringido

MARC

LEADER 00000nam a22000007a 4500
005 20180504235128.0
007 cr|||| ||||
008 180504s2017 br |||||s|||| 00||0 por d
020 |a 978-85-361-9456-1 
035 |a 21588 
040 |a vLex 
090 |c 7915  |d 7915 
100 1 |a Fagundes Freitas, Christiano Abelardo 
245 1 0 |a Melhorando o portugus̊ no exame da OAB  |h [Recurso electrn̤ico] :  |b Com dicas do Acordo Ortogrf̀ico /  |c Christiano Abelardo Fagundes Freitas 
256 |a Servicio en ln̕ea 
260 |a San Pablo:  |b LTR,  |c 2017 
300 |a 1 recurso electrn̤ico 
500 |a Trata-se de Obra que deve ser lida por todos os alunos do curso de Direito, mormente por aqueles que estejam se preparando para a prova da OAB, independentemente da r̀ea escolhida. Melhorando o Portugus̊ para o Exame da OAB deve fazer parte da biblioteca de todos os profissionais do Direito, isto ,̌ dos alunos que estô cursando o 1ð pero̕do at ̌dos operadores mais experientes, pois ,̌ na essn̊cia, uma das fants̀ticas e encanta-doras “aulas” do autor. Esta ediȯ̂ encontra-se atualizada, em consonńcia com o Novo CPC, registrando modelos de diversas petiė̳s (cv̕eis, de Direito das Faml̕ias, de Direito do Consumidor e de Direito do Trabalho), alm̌ de dicas de crase, de concordńcia, de regn̊cia verbal, de ortografia e do correto emprego de expresse̳s latinas, entre outros acršcimos. 
506 1 |a Disponible solo en los productos indicados  |d vLex Global  |d vLex Global (Academic Edition, excluding Law Schools)  |d vLex Global (U.S. Academic Edition, Law Schools)  |d vLex Global (U.S. Academic Edition, excluding Law Schools)  |d vLex Global (Academic Edition, Law Schools) 
650 0 4 |a Derecho Mercantil y de la Empresa  |z Brasil 
650 0 4 |a Concursos  |z Brasil 
740 0 |a vLex Libros (Servicio en ln̕ea) 
856 4 0 |u http://vlex.com/source/melhorando-o-portugu-s-no-exame-da-oab-com-dicas-do-acordo-ortografico-21588  |z Acceso restringido 
942 |c BOOK 
999 0 |a Business and Company Law 
999 0 |a Bankruptcies